[Event "4NCL/Div3/SCS1 vs. GUI3"]
[Site "Telford ENG"]
[Date "2004.11.06"]
[Round "1.7"]
[White "Hardy-Wallace, Daniel"]
[Black "Punnett, Alan K"]
[Result "1/2-1/2"]
[WhiteElo "1740"]
[BlackElo "2113"]
[PlyCount "124"]
[EventDate "2004.11.06"]
[SourceDate "2004.09.21"]

1. e4 e6 2. d4 d5 3. Nc3 dxe4 4. Nxe4 Be7 5. Nf3 Nf6 6. Bd3 Nbd7 7. O-O Nxe4 8.
Bxe4 Nf6 9. Bd3 c5 10. dxc5 Bxc5 11. Bg5 O-O 12. Qe2 h6 13. Bh4 Be7 14. Rfd1
Qa5 15. Ne5 Qb4 16. c4 g6 17. a3 Qc5 18. b4 Qc7 19. Bg3 Nh5 20. Nxg6 Nxg3 21.
Nxe7+ Qxe7 22. Qg4+ Qg5 23. Qxg3 Qxg3 24. hxg3 Kg7 25. Be4 f5 26. Bf3 Kf6 27.
Rd6 Rb8 28. Rad1 b6 29. Bd5 Ke7 30. Bc6 a5 31. f4 Kf6 32. Kf2 axb4 33. axb4 Bb7
34. Bd7 Ra8 35. Rxe6+ Kg7 36. Bc6 Ra2+ 37. Ke3 Bxc6 38. Rxc6 Re8+ 39. Kf3 Rae2
40. Rd3 Re1 41. Kf2 R8e2+ 42. Kf3 Re7 43. g4 Rf1+ 44. Kg3 fxg4 45. Kxg4 Rh1 46.
Rdd6 h5+ 47. Kg5 Rg1 48. Kxh5 Rxg2 49. Rg6+ Rxg6 50. Rxg6+ Kf7 51. Rxb6 Re4 52.
c5 Rxf4 53. c6 Ke7 54. b5 Kd6 55. Rb7 Rc4 56. Kg6 Rc1 57. Kf7 Rh1 58. Rd7+ Kc5
59. c7 Rh8 60. Re7 Kxb5 61. Ke6 Kc6 62. Rh7 Re8+ 1/2-1/2

[Event "4NCL/Div3/SCS1 vs. GUI3"]
[Site "Telford ENG"]
[Date "2004.11.06"]
[Round "1.8"]
[White "Morris, Claire H"]
[Black "Atkins, Emma"]
[Result "1-0"]
[WhiteElo "1910"]
[BlackElo "1715"]
[PlyCount "33"]
[EventDate "2004.11.06"]
[SourceDate "2004.09.21"]

1. e4 e5 2. Nf3 Nc6 3. d4 exd4 4. Nxd4 Nxd4 5. Qxd4 b6 6. Nc3 Bb7 7. Bc4 Nf6 8.
Bg5 Bc5 9. Qe5+ Qe7 10. Bxf6 gxf6 11. Qxc7 Bxe4 12. O-O-O d5 13. Qc6+ Kf8 14.
Qxa8+ Kg7 15. Qc6 dxc4 16. Nxe4 Re8 17. Nxf6 1-0

[Event "4NCL/Div3/ATH vs. CAMB1"]
[Site "Telford ENG"]
[Date "2004.11.06"]
[Round "1.1"]
[White "Quinn, John M"]
[Black "Dearing, Eddie"]
[Result "0-1"]
[WhiteElo "2157"]
[BlackElo "2376"]
[PlyCount "56"]
[EventDate "2004.11.06"]
[SourceDate "2004.09.21"]

1. d4 Nf6 2. c4 e6 3. Nc3 Bb4 4. Qc2 c5 5. dxc5 O-O 6. a3 Bxc5 7. Nf3 b6 8. Bg5
Be7 9. e3 Bb7 10. Bd3 h6 11. h4 Nc6 12. O-O-O Rc8 13. Rh3 Na5 14. Ne5 d6 15.
Bxh6 gxh6 16. Rg3+ Kh8 17. Bg6 dxe5 18. Rxd8 Rcxd8 19. Bxf7 Rxf7 20. Rg6 e4 21.
g4 Kh7 22. h5 Rg7 23. f3 Rxg6 24. hxg6+ Kg7 25. fxe4 Nxg4 26. Qg2 Ne5 27. Qh3
Naxc4 28. Qxe6 Bg5 0-1

[Event "4NCL/Div3/ATH vs. CAMB1"]
[Site "Telford ENG"]
[Date "2004.11.06"]
[Round "1.2"]
[White "Alfred, Nathan S W"]
[Black "Johansson, Toni"]
[Result "0-1"]
[WhiteElo "2338"]
[BlackElo "2123"]
[PlyCount "126"]
[EventDate "2004.11.06"]
[SourceDate "2004.09.21"]

1. d4 Nf6 2. Nf3 g6 3. c4 Bg7 4. Nc3 O-O 5. e4 d6 6. Be2 e5 7. O-O Nc6 8. d5
Ne7 9. Bg5 Kh8 10. b4 Nd7 11. Rc1 f6 12. Bd2 f5 13. exf5 Nxf5 14. Ne4 Nf6 15.
Bg5 h6 16. Bxf6 Bxf6 17. c5 Bg7 18. Rc3 a5 19. a3 axb4 20. axb4 dxc5 21. bxc5
Nd4 22. d6 cxd6 23. cxd6 Bf5 24. Nfd2 Bxe4 25. Nxe4 Rf4 26. Bd3 Bf8 27. g3 Rf3
28. Rc4 Rf7 29. Rxd4 exd4 30. Bc4 Rf5 31. Qxd4+ Bg7 32. Qd3 Qd7 33. Rb1 Raa5
34. Be6 Qxe6 35. d7 Rad5 36. d8=Q+ Rxd8 37. Qxd8+ Kh7 38. Qd3 Rd5 39. Qc2 b5
40. Kg2 Rd4 41. Re1 Qd5 42. Qc5 Qb7 43. f3 b4 44. h4 Rd5 45. Qc4 b3 46. h5 Rxh5
47. g4 Ra5 48. g5 b2 49. Rh1 h5 50. Qd3 Rf5 51. Rb1 Qd5 52. Qc2 Qe5 53. Rd1 Qf4
54. Qb3 h4 55. Rh1 Rxg5+ 56. Nxg5+ Qxg5+ 57. Kf1 Qc1+ 58. Kg2 Qd2+ 59. Kf1 Qf4
60. Ke2 Qg3 61. Ke3 Bh6+ 62. Kd4 Qf4+ 63. Kc5 Qc1+ 0-1

[Event "4NCL/Div3/ATH vs. CAMB1"]
[Site "Telford ENG"]
[Date "2004.11.06"]
[Round "1.3"]
[White "Stevenson, James A B"]
[Black "Moskovic, David M"]
[Result "1/2-1/2"]
[WhiteElo "2092"]
[BlackElo "2289"]
[PlyCount "99"]
[EventDate "2004.11.06"]
[SourceDate "2004.09.21"]

1. b3 e5 2. Bb2 Nc6 3. e3 Nf6 4. c4 d5 5. cxd5 Nxd5 6. Nc3 Nb6 7. Nf3 Bd6 8.
Be2 O-O 9. O-O f5 10. d3 g5 11. a3 Qf6 12. Nb5 Qg6 13. d4 e4 14. Ne5 Bxe5 15.
dxe5 Qf7 16. Qc2 Be6 17. Bd1 Rad8 18. Nd4 Nxd4 19. Bxd4 Bd5 20. Rc1 Qe6 21. Qe2
Rf7 22. Qh5 Qg6 23. Qxg6+ hxg6 24. Rc3 c6 25. Be2 Nd7 26. b4 Re8 27. b5 Nxe5
28. Bxa7 f4 29. Rd1 f3 30. gxf3 Nxf3+ 31. Bxf3 Rxf3 32. bxc6 Bxc6 33. Bc5 Kf7
34. Rd4 Rf5 35. Bd6 Ke6 36. Bg3 Re7 37. Rd6+ Kf7 38. Rd4 Re8 39. Kf1 Ra8 40.
Bd6 Rfa5 41. Kg2 Kf6 42. Bb4 Rf5 43. Rd6+ Kf7 44. Rd4 Re8 45. Rd6 Kg7 46. Rd4
Re6 47. Rd6 Rxd6 48. Bxd6 Rd5 49. Bb4 Rd1 50. Rc5 1/2-1/2

[Event "4NCL/Div3/ATH vs. CAMB1"]
[Site "Telford ENG"]
[Date "2004.11.06"]
[Round "1.4"]
[White "Garner, David"]
[Black "Pedersen, Carsten"]
[Result "1-0"]
[WhiteElo "2184"]
[BlackElo "2090"]
[PlyCount "53"]
[EventDate "2004.11.06"]
[SourceDate "2004.09.21"]

1. e4 e6 2. d4 d5 3. Nd2 c5 4. exd5 Qxd5 5. Ngf3 cxd4 6. Bc4 Qd6 7. O-O Nf6 8.
Nb3 Nc6 9. Re1 a6 10. Nbxd4 Nxd4 11. Nxd4 Qc7 12. b3 Bd6 13. h3 b5 14. Be2 O-O
15. Bf3 Rb8 16. Bb2 Rb6 17. a4 Bb4 18. c3 Bxc3 19. Bxc3 Qxc3 20. Rc1 Qb2 21.
Nc6 Rb7 22. Qd6 Re8 23. Qc5 bxa4 24. Rc2 Qxb3 25. Na5 Qb5 26. Nxb7 Bxb7 27.
Qxb5 1-0

[Event "4NCL/Div3/ATH vs. CAMB1"]
[Site "Telford ENG"]
[Date "2004.11.06"]
[Round "1.5"]
[White "Fulton, Anthony R"]
[Black "Churm, Rohan M"]
[Result "1-0"]
[WhiteElo "2093"]
[BlackElo "2178"]
[PlyCount "67"]
[EventDate "2004.11.06"]
[SourceDate "2004.09.21"]

1. Nf3 d5 2. c4 e6 3. g3 Nf6 4. Bg2 Be7 5. O-O O-O 6. b3 c5 7. Bb2 Nc6 8. e3
Qc7 9. Nc3 Rd8 10. Qe2 Bd7 11. Rfd1 Rac8 12. cxd5 exd5 13. d4 Bg4 14. h3 cxd4
15. Nb5 Bxf3 16. Qxf3 Qa5 17. Nxd4 Nxd4 18. Bxd4 Rc2 19. a4 Qb4 20. Rab1 Rd6
21. Qf5 Rcc6 22. Bxa7 Ne4 23. Bxe4 Qxe4 24. Qxe4 dxe4 25. Rxd6 Bxd6 26. Rd1 Kf8
27. Rd4 f5 28. a5 Ke7 29. Rd5 g6 30. Rb5 Rc7 31. Kg2 Ke6 32. Bb8 Rc5 33. Rb6
Rc6 34. Rxb7 1-0

[Event "4NCL/Div3/ATH vs. CAMB1"]
[Site "Telford ENG"]
[Date "2004.11.06"]
[Round "1.6"]
[White "Hodge, David J"]
[Black "McKeown, Paul"]
[Result "1/2-1/2"]
[WhiteElo "2165"]
[BlackElo "2084"]
[PlyCount "51"]
[EventDate "2004.11.06"]
[SourceDate "2004.09.21"]

1. e4 Nf6 2. e5 Nd5 3. c4 Nb6 4. d4 d6 5. exd6 cxd6 6. Nc3 g6 7. Be3 Bg7 8. Rc1
O-O 9. b3 e5 10. dxe5 dxe5 11. Qxd8 Rxd8 12. c5 N6d7 13. Bc4 Nc6 14. Ne4 Na5
15. Bg5 Rf8 16. Bd5 h6 17. Bd2 Nc6 18. Nf3 Kh7 19. h4 Nf6 20. Nxf6+ Bxf6 21.
O-O Bg4 22. Bc3 Bxf3 23. Bxf3 Bxh4 {=} 24. Bxc6 bxc6 25. Bxe5 Rfe8 26. Rfe1
1/2-1/2

[Event "4NCL/Div3/ATH vs. CAMB1"]
[Site "Telford ENG"]
[Date "2004.11.06"]
[Round "1.7"]
[White "Gostelow, David W"]
[Black "Pickard, Charles"]
[Result "0-1"]
[WhiteElo "2065"]
[BlackElo "2155"]
[PlyCount "60"]
[EventDate "2004.11.06"]
[SourceDate "2004.09.21"]

1. d4 Nf6 2. Nf3 g6 3. Bf4 Bg7 4. e3 O-O 5. h3 d6 6. Be2 c5 7. O-O Qb6 8. Nc3
cxd4 9. exd4 Qxb2 10. Nb5 Na6 11. Bc4 Qb4 12. Qe2 d5 13. Bd3 Qa5 14. Qxe7 Re8
15. Bd2 Qxb5 16. Qa3 Qd7 17. Rab1 Qe7 18. Qb3 Nc7 19. Bb4 Qd8 20. Ne5 Ne6 21.
Bc3 a6 22. f4 Nd7 23. f5 Nxd4 24. Bxd4 Nxe5 25. f6 Bxf6 26. Qc3 Bg7 27. Rf2
Nxd3 28. Bxg7 Nxf2 29. Bh8 f6 30. Bxf6 Ne4 0-1

[Event "4NCL/Div3/ATH vs. CAMB1"]
[Site "Telford ENG"]
[Date "2004.11.06"]
[Round "1.8"]
[White "Regan, Natasha"]
[Black "Ryle, Zoe"]
[Result "1-0"]
[WhiteElo "2208"]
[BlackElo "1525"]
[PlyCount "55"]
[EventDate "2004.11.06"]
[SourceDate "2004.09.21"]

1. e4 e5 2. f4 d6 3. Nf3 Nc6 4. Bc4 Bg4 5. c3 Nf6 6. h3 Bxf3 7. Qxf3 g6 8. O-O
Qd7 9. fxe5 Nxe5 10. Qxf6 Nxc4 11. Qxh8 O-O-O 12. Qxh7 Ne5 13. d4 Nd3 14. Bg5
Re8 15. Nd2 b6 16. Rxf7 Qc6 17. Raf1 Kb7 18. Rxf8 Rxf8 19. Rxf8 Nxb2 20. Qg8
Qxc3 21. Qd5+ Ka6 22. Rf3 Qc1+ 23. Nf1 Qd1 24. Ra3+ Na4 25. Qc4+ b5 26. Qc6+
Ka5 27. Qxc7+ Ka6 28. Qxd6+ 1-0

[Event "4NCL/Div3/SWD2 vs. WES2"]
[Site "Telford ENG"]
[Date "2004.11.06"]
[Round "1.1"]
[White "Spice, Alan"]
[Black "Hopkins, Jamie R"]
[Result "1-0"]
[WhiteElo "2184"]
[BlackElo "2152"]
[PlyCount "53"]
[EventDate "2004.11.06"]
[SourceDate "2004.09.21"]

1. Nc3 c5 2. Nf3 Nc6 3. d4 cxd4 4. Nxd4 Nf6 5. e4 e5 6. Ndb5 d6 7. Bg5 a6 8.
Na3 b5 9. Bxf6 gxf6 10. Nd5 Bg7 11. c3 Ne7 12. Nxe7 Qxe7 13. Nc2 O-O 14. Ne3
Be6 15. Qh5 b4 16. c4 b3 {=} 17. a3 Qc7 18. Rc1 Qa5+ 19. Rc3 f5 20. Nxf5 Bxf5
21. Qxf5 d5 22. Kd1 dxe4 23. Kc1 Rad8 24. Be2 Bh6+ 25. Kb1 Rd2 26. Rg3+ Bg7 27.
Qg5 1-0

[Event "4NCL/Div3/SWD2 vs. WES2"]
[Site "Telford ENG"]
[Date "2004.11.06"]
[Round "1.2"]
[White "Pleasants, Allan J"]
[Black "Trevelyan, John"]
[Result "1/2-1/2"]
[WhiteElo "2065"]
[BlackElo "2170"]
[PlyCount "143"]
[EventDate "2004.11.06"]
[SourceDate "2004.09.21"]

1. d4 d6 2. e4 e5 3. Nf3 Nd7 4. Nc3 Ngf6 5. h3 Be7 6. Be3 c6 7. Qd2 Qc7 8. Be2
b5 9. a3 a6 10. O-O Nf8 11. d5 c5 12. b4 cxb4 13. axb4 Bb7 14. Bd3 Ng6 15. Ne2
O-O 16. Ng3 Nd7 17. Nf5 Nb6 18. Ra3 Rfc8 19. Qe2 Bf6 20. Nh2 Qd8 21. Qh5 Nc4
22. Rb3 Nf4 23. Bxf4 exf4 24. e5 g6 25. Qh6 Bxe5 26. Ng4 Qf8 27. Qg5 f6 28.
Nfh6+ Kg7 29. Qh4 Bxd5 30. Rd1 Bg8 31. g3 g5 32. Qh5 Qe8 33. Nf5+ Kh8 34. Qh6
Qf8 35. Be4 Qxh6 36. Ngxh6 Ra7 37. gxf4 Bxf4 38. Rbd3 Nb2 39. Rxd6 Nxd1 40.
Rxd1 Be6 41. Ng4 h5 42. Ngh6 Be5 43. Rd3 Bc4 44. Rd1 Bc3 45. h4 Bxb4 46. hxg5
fxg5 47. Kg2 Bc3 48. Rh1 h4 49. f4 Bf6 50. Ng4 Bd8 51. fxg5 Bxg5 52. Nxh4 Rcc7
53. Nf3+ Kg8 54. Nxg5 Rg7 55. Nf6+ Kf8 56. Nfh7+ Ke7 57. Kf3 a5 58. Ke3 Kd6 59.
Kd4 a4 60. Bf5 a3 61. Ne4+ Kc6 62. Nhf6 a2 {=} 63. Ra1 Rg2 64. Nc3 Rf2 65. Be4+
Kd6 66. Nfd5 Rf1 67. Rxa2 {=} Rxa2 68. Nxa2 Bxa2 69. Bd3 Rh1 70. Nc3 Rh4+ 71.
Ke3 Bc4 72. Nxb5+ 1/2-1/2

[Event "4NCL/Div3/SWD2 vs. WES2"]
[Site "Telford ENG"]
[Date "2004.11.06"]
[Round "1.3"]
[White "Zeidler, Sven P"]
[Black "Tunks, Dominic"]
[Result "1/2-1/2"]
[WhiteElo "2182"]
[BlackElo "2135"]
[PlyCount "133"]
[EventDate "2004.11.06"]
[SourceDate "2004.09.21"]

1. e4 c5 2. Nc3 Nc6 3. f4 g6 4. Nf3 Bg7 5. Bb5 d6 6. Bxc6+ bxc6 7. d3 Rb8 8.
O-O Nh6 9. Qe1 O-O 10. f5 e5 11. Nh4 Rb7 12. Qg3 Re8 13. b3 d5 14. f6 Bf8 15.
Nf3 Qxf6 16. Bg5 Qe6 17. Qh4 Qg4 18. Qxg4 Nxg4 19. exd5 f6 20. dxc6 Rc7 21. h3
fxg5 22. hxg4 Bg7 23. Nb5 Rxc6 24. Nxa7 Ra6 25. Nxc8 Rxc8 {=} 26. Rae1 Rxa2 27.
Rf2 h6 28. Rfe2 Rf8 29. c4 Rxe2 30. Rxe2 Rb8 31. Nd2 Kf7 32. Kf2 Ke6 33. Ne4
Bf8 34. Rb2 Be7 35. Ng3 Rf8+ 36. Ke3 Rf4 37. Ra2 Rxg4 38. Ne4 Rf4 39. Ra6+ Kf7
40. Rc6 Rf1 41. Nxc5 Re1+ 42. Kf2 Rb1 43. Nd7 e4 44. Ne5+ Ke8 45. Rc8+ Bd8 46.
Nc6 Kd7 47. Rxd8+ Kxc6 48. dxe4 Rxb3 49. e5 Kc7 50. Rd6 Rb4 51. Rxg6 Rxc4 52.
Kf3 Rf4+ 53. Kg3 Rh4 54. Rd6 h5 55. Kf3 Rf4+ 56. Ke3 h4 57. Rd5 Rf5 58. Ke4
Rf4+ 59. Kd3 Rf5 60. Ke4 Rf4+ {=} 61. Ke3 Rf5 62. Rc5+ Kd7 63. Ke4 Rf2 64. e6+
Kxe6 65. Rxg5 Rf6 66. Rg4 Rh6 67. Kf4 1/2-1/2

[Event "4NCL/Div3/SWD2 vs. WES2"]
[Site "Telford ENG"]
[Date "2004.11.06"]
[Round "1.4"]
[White "Ferrington, Nigel M"]
[Black "Powell, Lloyd"]
[Result "1/2-1/2"]
[WhiteElo "2125"]
[BlackElo "2155"]
[PlyCount "80"]
[EventDate "2004.11.06"]
[SourceDate "2004.09.21"]

1. e4 c5 2. Nf3 d6 3. d4 cxd4 4. Nxd4 Nf6 5. Nc3 a6 6. Bc4 e6 7. O-O Be7 8. Bb3
b5 9. Be3 O-O 10. f4 Bb7 11. f5 e5 12. Nde2 Nbd7 13. Ng3 Rc8 14. Qf3 Nb6 15.
Bxb6 Qxb6+ 16. Kh1 a5 17. Nh5 b4 18. Nxf6+ Bxf6 19. Ne2 d5 20. exd5 e4 21. Qg4
a4 22. Bxa4 Bxd5 23. Nf4 Bc4 24. Rfe1 Bxb2 25. Rad1 Rfd8 26. Rxe4 Rxd1+ 27.
Qxd1 Rd8 28. Qe1 Bb5 29. Nd5 Qc5 30. Bxb5 Qxb5 31. Rxb4 Qxd5 32. Rxb2 Qd1 33.
Rb1 Qxc2 34. h3 Qxa2 35. Rd1 Rxd1 36. Qxd1 h6 37. Qd8+ Kh7 38. Qd7 Qa1+ 39. Kh2
Qe5+ 40. Kh1 Qe1+ 1/2-1/2

[Event "4NCL/Div3/SWD2 vs. WES2"]
[Site "Telford ENG"]
[Date "2004.11.06"]
[Round "1.5"]
[White "May, Frank"]
[Black "Gregory, Keith D"]
[Result "1/2-1/2"]
[WhiteElo "2144"]
[BlackElo "2087"]
[PlyCount "49"]
[EventDate "2004.11.06"]
[SourceDate "2004.09.21"]

1. Nf3 g6 2. c4 Bg7 3. Nc3 d6 4. g3 Nf6 5. Bg2 O-O 6. O-O Nc6 7. d3 e5 8. Rb1
h6 9. b4 Nh5 10. b5 Ne7 11. a4 f5 12. Bd2 g5 13. a5 Rb8 14. Ne1 f4 15. Ne4 Ng6
16. Bb4 b6 17. Ra1 Nf6 18. axb6 axb6 19. Ra7 Nxe4 20. Bxe4 Bf5 21. Bg2 Ne7 22.
Nc2 Qd7 23. Ba3 Kh8 24. Nb4 Rbc8 25. Nc6 1/2-1/2

[Event "4NCL/Div3/SWD2 vs. WES2"]
[Site "Telford ENG"]
[Date "2004.11.06"]
[Round "1.6"]
[White "Marsh, Roger"]
[Black "Brown, Alan M"]
[Result "0-1"]
[WhiteElo "2079"]
[BlackElo "2139"]
[PlyCount "64"]
[EventDate "2004.11.06"]
[SourceDate "2004.09.21"]

1. d4 Nf6 2. c4 e6 3. Nc3 Bb4 4. e3 c5 5. Bd3 d5 6. Nge2 O-O 7. O-O Nc6 8. a3
cxd4 9. exd4 dxc4 10. Bxc4 Be7 11. Be3 a6 12. Rc1 b5 13. Ba2 Bb7 14. Nf4 b4 15.
axb4 Nxb4 16. Bb1 Rc8 17. Nd3 Nxd3 18. Qxd3 Qa5 19. d5 Rfd8 20. Bd4 g6 21. dxe6
Qg5 22. exf7+ Kf8 23. f3 Rxd4 24. Ne4 Qxc1 25. Qxd4 Bc5 26. Nxc5 Qxc5 27. Qxc5+
Rxc5 28. Bd3 a5 29. b4 axb4 30. Rb1 Nd5 31. Be4 Rb5 32. Bd3 Rb6 0-1

[Event "4NCL/Div3/SWD2 vs. WES2"]
[Site "Telford ENG"]
[Date "2004.11.06"]
[Round "1.7"]
[White "Sully, David"]
[Black "Pym, Thomas W"]
[Result "1/2-1/2"]
[WhiteElo "2123"]
[BlackElo "2054"]
[PlyCount "94"]
[EventDate "2004.11.06"]
[SourceDate "2004.09.21"]

1. d4 Nf6 2. Nc3 c5 3. d5 d6 4. e4 g6 5. Nf3 Bg7 6. Bb5+ Nbd7 7. a4 O-O 8. O-O
a6 9. Be2 Rb8 10. Re1 Ne8 11. Bf1 Nc7 12. a5 b6 13. axb6 Nxb6 14. h3 e6 15.
dxe6 fxe6 16. Bg5 Qd7 17. Qd2 Nb5 18. Nd1 Nd4 19. Nxd4 cxd4 20. f3 d5 21. exd5
Qxd5 22. Bh6 Bxh6 23. Qxh6 Nc4 24. b3 Nd6 25. Bd3 Rf6 26. Nf2 Rb6 27. Ng4 Rf7
28. Re5 Qc6 29. Qg5 Kg7 30. Rae1 Qc7 31. h4 Qe7 32. Qh6+ Kg8 33. h5 Nf5 34. Qd2
gxh5 35. Bxf5 hxg4 36. Bxg4 Qd6 37. Rg5+ Kh8 38. Qd3 Bd7 39. Bh5 Bb5 40. Qe4
Re7 41. Rd1 Rd7 42. Bg4 Rd8 43. Re1 d3 44. cxd3 Bxd3 45. Qxe6 Qd4+ 46. Qe3
Qxe3+ 47. Rxe3 Rxb3 1/2-1/2

[Event "4NCL/Div3/SWD2 vs. WES2"]
[Site "Telford ENG"]
[Date "2004.11.06"]
[Round "1.8"]
[White "Dams, Robert MW"]
[Black "Wilson, Julie"]
[Result "1-0"]
[WhiteElo "1870"]
[BlackElo "1955"]
[PlyCount "109"]
[EventDate "2004.11.06"]
[SourceDate "2004.09.21"]

1. e4 e6 2. d4 d5 3. Nc3 Nf6 4. Bg5 dxe4 5. Nxe4 Be7 6. Bxf6 Bxf6 7. Nxf6+ Qxf6
8. Nf3 Nc6 9. Bd3 O-O 10. O-O Bd7 11. Re1 Rad8 12. c3 h6 13. Ne5 Nxe5 14. Rxe5
Bc6 15. Qg4 Rd5 16. Rae1 Rfd8 17. f4 b5 18. Be4 R5d6 19. Bxc6 Rxc6 20. Rxb5 a6
21. Rb4 g6 22. Re5 Rcd6 23. Rb7 Qe7 24. f5 exf5 25. Rxe7 fxg4 26. Rbxc7 Rf6 27.
Re4 h5 28. c4 Rdd6 29. Rc5 Kg7 30. b4 Rd7 31. Rce5 Rb6 32. a3 Rbb7 33. d5 Rbc7
34. Rd4 Kf6 35. Ree4 Kf5 36. Kf2 g5 37. Ke3 Rc8 38. c5 a5 39. d6 axb4 40. axb4
Ra8 41. Rd3 Rc8 42. Rd5+ Kg6 43. b5 f5 44. Ree5 Rf8 45. c6 Ra7 46. Re6+ Kf7 47.
Rde5 f4+ 48. Kf2 Ra2+ 49. Re2 Ra3 50. d7 g3+ 51. hxg3 fxg3+ 52. Ke1 Ra1+ 53.
Kd2 Ra2+ 54. Kc3 Rxe2 55. Rxe2 1-0

[Event "4NCL/Div3/PPA1 vs. OXF1"]
[Site "Telford ENG"]
[Date "2005.01.15"]
[Round "3.1"]
[White "Posazhennikov, Alex"]
[Black "Bilalic, Merim"]
[Result "0-1"]
[WhiteElo "2256"]
[BlackElo "2292"]
[PlyCount "158"]
[EventDate "2005.01.15"]
[EventType "team"]
[EventRounds "11"]
[EventCountry "ENG"]
[SourceDate "2004.09.21"]

1. e4 Nc6 2. d4 d5 3. e5 Bf5 4. g4 Be4 5. f3 Bg6 6. Ne2 e6 7. Ng3 Qh4 8. Be3 h5
9. gxh5 Bxh5 10. c3 Nge7 11. Bf2 Qf4 12. Qd2 Qxd2+ 13. Nxd2 Bg6 14. O-O-O Nf5
15. Nxf5 Bxf5 16. h4 Be7 17. Be2 O-O-O 18. f4 Rh7 19. h5 Rdh8 20. Bf3 g6 21.
hxg6 Bxg6 22. Rxh7 Rxh7 23. Rh1 Rxh1+ 24. Bxh1 b5 25. Bf3 Kd7 26. Bg4 Bd3 27.
Nf3 b4 28. Ne1 Be4 29. Nc2 bxc3 30. bxc3 Na5 31. Ne3 c6 32. Kb2 c5 33. Be2 Nc6
34. Nc2 c4 35. Ne3 a6 36. Bh5 Ke8 37. Bg4 Na7 38. a4 Nc6 39. f5 Kd7 40. fxe6+
fxe6 41. Nf1 Bg6 42. Ne3 Be4 43. Nf1 Nd8 44. Ng3 Bg6 45. Be3 Kc7 46. Bh6 Be8
47. Bd1 Kd7 48. Bg7 Nc6 49. Bg4 Bg5 50. Bf8 Be3 51. Bg7 Bg6 52. Bf6 Nxd4 53.
cxd4 Bxd4+ 54. Kc1 Be3+ 55. Kb2 d4 56. Ne2 a5 57. Bh4 d3 58. Nc3 Bd4 59. Bg3
Be4 60. Bh5 Bc6 61. Bd1 Kc7 62. Be1 Bxe5 63. Bg4 Kd6 64. Ka3 Bd4 65. Nb1 Bc5+
66. Kb2 Bb4 67. Nc3 e5 68. Bg3 Bc5 69. Kc1 Be3+ 70. Kd1 Bd4 71. Kd2 Kc5 72. Bh4
Kb4 73. Be7+ Kb3 74. Bd1+ Kb2 75. Nb5 Bxb5 76. axb5 e4 77. Bg5 c3+ 78. Ke1 c2
79. Bd2 e3 0-1

[Event "4NCL/Div3/PPA1 vs. OXF1"]
[Site "Telford ENG"]
[Date "2005.01.15"]
[Round "3.2"]
[White "Coleman, James"]
[Black "Hagesaether, Halvard"]
[Result "1/2-1/2"]
[WhiteElo "2225"]
[BlackElo "2258"]
[PlyCount "161"]
[EventDate "2005.01.15"]
[EventType "team"]
[EventRounds "11"]
[EventCountry "ENG"]
[SourceDate "2004.09.21"]

1. d4 Nf6 2. Bg5 d6 3. Bxf6 exf6 4. g3 f5 5. Bg2 Nd7 6. e3 Nf6 7. c4 g6 8. Nc3
Bg7 9. Nge2 O-O 10. O-O c6 11. Qd3 a5 12. Rab1 Re8 13. h4 Ng4 14. Nf4 Bf6 15.
a3 a4 16. Rbe1 Qb6 17. Bf3 Bg7 18. Bd1 Qa5 19. Bxa4 Nf6 20. Bd1 Ne4 21. Nb1 h6
22. b4 Qd8 23. Bf3 Qf6 24. Kg2 Bd7 25. Rh1 Be6 26. Nxe6 Rxe6 27. Qc2 Ree8 28.
a4 c5 29. bxc5 dxc5 30. Nd2 Nxd2 31. Qxd2 Rxa4 32. Bxb7 cxd4 33. exd4 Rxe1 34.
Rxe1 Qxd4 35. Qxd4 Bxd4 36. Rc1 Ra2 37. c5 Rxf2+ 38. Kh1 Be5 39. c6 Bc7 40. Kg1
Bb6 41. Kh1 Bc7 42. Rc3 Kg7 43. Kg1 Rd2 44. Ba6 Kf6 45. Bc4 Rb2 46. Rd3 Rc2 47.
Bd5 g5 48. hxg5+ hxg5 49. Kf1 Kg6 50. Bxf7+ Kxf7 51. Rd7+ Ke6 52. Rxc7 Kd6 53.
Rf7 Ke6 54. Ra7 Rxc6 55. Ra2 Rc4 56. Kg2 Rd4 57. Rb2 Ke5 58. Re2+ Kf6 59. Ra2
g4 60. Rf2 Rd3 61. Ra2 Ke5 62. Rf2 Rc3 63. Re2+ Kd4 64. Rf2 Rc5 65. Ra2 Kd3 66.
Kf2 Rc3 67. Rb2 Kd4 68. Ra2 Rf3+ 69. Kg2 Rd3 70. Rf2 Ke5 71. Re2+ Kd5 72. Rf2
Ke4 73. Rf4+ Ke5 74. Rf2 Rd5 75. Ra2 f4 76. gxf4+ Kxf4 77. Ra3 Rd2+ 78. Kg1 Kg5
79. Rb3 Kh4 80. Ra3 g3 81. Ra8 1/2-1/2

[Event "4NCL/Div3/PPA1 vs. OXF1"]
[Site "Telford ENG"]
[Date "2005.01.15"]
[Round "3.3"]
[White "Morgan, Ben"]
[Black "Savage, Ben D"]
[Result "1-0"]
[WhiteElo "2239"]
[BlackElo "2300"]
[PlyCount "127"]
[EventDate "2005.01.15"]
[EventType "team"]
[EventRounds "11"]
[EventCountry "ENG"]
[SourceDate "2004.09.21"]

1. d4 Nf6 2. c4 g6 3. Nc3 d5 4. cxd5 Nxd5 5. e4 Nxc3 6. bxc3 Bg7 7. Nf3 c5 8.
Be3 Qa5 9. Qd2 cxd4 10. cxd4 Qxd2+ 11. Nxd2 O-O 12. Rc1 Rd8 13. Nb3 b6 14. Be2
Bb7 15. d5 Ba6 16. Bxa6 Nxa6 17. Ke2 Bb2 {=} 18. Rc2 Ba3 19. Nd4 Bc5 20. Nc6
Rd7 21. Ne5 Rc7 22. Nd3 Ba3 23. Rxc7 Nxc7 24. Rb1 f6 25. Rb3 Bd6 26. f4 Ne8 27.
e5 Bc7 28. Bd4 Rd8 29. Nb4 Kf8 30. Kf3 f5 31. Ke3 a5 32. Nc6 Rxd5 33. Bxb6 a4
34. Rb4 Bxb6+ 35. Rxb6 Rc5 36. Nd4 Rc1 37. Rb8 Kf7 38. e6+ Kf8 39. Ra8 Rc5 40.
Kd3 Rc1 41. g3 Rc5 42. Rb8 Rc1 43. a3 Rc5 44. Ra8 Rc1 45. Nb5 Rc5 46. Rb8 Rc1
47. Kd4 Rc2 48. Kd5 Rc1 49. Nd4 Rc3 50. Nc6 Rd3+ 51. Kc5 Rc3+ 52. Kd5 Rd3+ 53.
Kc4 Rxa3 54. Ne5 Re3 55. Kd5 a3 56. Nd7+ Kg7 57. Rxe8 a2 58. Rxe7+ Kh6 59. Nf6
Rd3+ 60. Kc4 Rc3+ 61. Kb4 g5 62. Ra7 Re3 63. e7 Rxe7 64. Ng8+ 1-0

[Event "4NCL/Div3/PPA1 vs. OXF1"]
[Site "Telford ENG"]
[Date "2005.01.15"]
[Round "3.4"]
[White "Ozeren, Kemal"]
[Black "Munson, Shaun D"]
[Result "1/2-1/2"]
[WhiteElo "2292"]
[BlackElo "2272"]
[PlyCount "95"]
[EventDate "2005.01.15"]
[EventType "team"]
[EventRounds "11"]
[EventCountry "ENG"]
[SourceDate "2004.09.21"]

1. d4 d5 2. c4 c6 3. Nf3 Nf6 4. e3 g6 5. Nc3 Bg7 6. cxd5 cxd5 7. Bd3 Nc6 8. O-O
O-O 9. Bd2 Bg4 10. h3 Bxf3 11. Qxf3 e5 12. dxe5 Nxe5 13. Qe2 Nxd3 14. Qxd3 Qd7
15. Rfd1 Rfd8 16. Ne2 Ne4 17. Bc3 Nc5 18. Qc2 Ne6 19. Bxg7 Kxg7 20. Qd3 Rac8
21. Nc3 d4 22. Ne2 Rc5 23. Rd2 Rd5 24. Rad1 Qa4 25. b3 Qa5 26. Nxd4 Nxd4 27.
exd4 Rxd4 28. Qxd4+ Rxd4 29. Rxd4 Qxa2 30. R1d3 b5 31. Rd7 a5 32. g3 Qa1+ 33.
Kg2 Qf6 34. Rf3 Qe6 35. Ra7 a4 36. bxa4 bxa4 37. Rxa4 Qb6 38. g4 g5 39. Raa3
Qb7 40. Ra5 Qe7 41. Raf5 f6 42. Rxf6 Qxf6 43. Rxf6 Kxf6 44. Kf3 Ke5 45. Ke3 h6
46. f4+ gxf4+ 47. Kf3 h5 48. gxh5 1/2-1/2

[Event "4NCL/Div3/PPA1 vs. OXF1"]
[Site "Telford ENG"]
[Date "2005.01.15"]
[Round "3.5"]
[White "Byway, Paul"]
[Black "Shaw, David A"]
[Result "1/2-1/2"]
[WhiteElo "2193"]
[BlackElo "2197"]
[PlyCount "81"]
[EventDate "2005.01.15"]
[EventType "team"]
[EventRounds "11"]
[EventCountry "ENG"]
[SourceDate "2004.09.21"]

1. Nf3 e6 2. c4 d5 3. g3 c6 4. Bg2 Bd6 5. O-O Nf6 6. b3 O-O 7. Bb2 Nbd7 8. Nc3
Re8 9. d3 Nf8 10. e4 dxe4 11. Nxe4 Be7 12. Qe2 Ng6 13. d4 Qc7 14. Ne5 a5 15.
Ng5 Rf8 16. h4 a4 17. Bh3 Nxe5 18. dxe5 Nd7 19. Qh5 Bxg5 20. Qxg5 axb3 21. axb3
Rxa1 22. Rxa1 Qb6 23. Ba3 Re8 24. Rb1 Qd4 25. Bd6 b5 26. Bg2 bxc4 27. bxc4 Qxc4
28. Rc1 Qe2 29. Bxc6 h6 30. Qf4 Rd8 31. Bf3 Qd3 32. Be4 Qe2 33. Bf3 Qd3 34. Bh5
Qf5 35. Qxf5 exf5 36. Bf3 Nf8 37. Bc7 Re8 38. Bc6 Bd7 39. Bd6 Bxc6 40. Rxc6 Ne6
41. Rb6 1/2-1/2